| 000 | 00952nam a2200217 i 4500 | ||
|---|---|---|---|
| 001 | 143624 | ||
| 003 | ES-MaACL | ||
| 005 | 20230906200846.0 | ||
| 007 | t| | ||
| 008 | 070214m19481954xxu b |||| | spa d | ||
| 100 | 1 |
_aSerís, Homero, _d1879-1969 _9105555 |
|
| 245 | 1 | 0 |
_aManual de bibliografía de la literatura española / _cHomero Serís. |
| 260 |
_aSyracuse, New York : _bCentro de Estudios Hispánicos, _c1948-1954. |
||
| 300 |
_a1 t. en 2 v. ; _c20 cm. |
||
| 505 | 8 |
_aContiene: I ; _tPrimera parte (XLIII, 422 p.) I-2 ; _tSegundo fascículo de la primera parte (423-1086, XIII p.) |
|
| 594 | _aPrecede al tít.: Syracuse University. Centro de Estudios Hispánicos. | ||
| 650 | 0 | 4 |
_aLiteratura española- _vBibliografías. _914554 |
| 710 | 2 |
_aSyracuse University. _bCentro de Estudios Hispánicos. _96898 |
|
| 852 |
_aES-MaACL _jL-32037-38 _z. - Donat. herederos de la bibl. de Mª del Pilar Costa Palacín _z(v. 2) |
||
| 999 |
_c143624 _d143624 |
||